Gaming Quiz

Random Gaming or Mario Quiz

Mario Kart Arcade GP Tracks Quiz Stats

Quiz not verified by Sporcle

Also try: Video Game Trios
Challenge
Share
Tweet
Embed
Score 0/12 Timer 05:00
0 Plays Today
Cup Track % Correct
Mario CupMario Beach
95.5%
Mario CupMario Highway
90.9%
Wario CupDiamond City
81.8%
Bowser CupBowser's Castle
81.8%
DK CupDonkey Kong Jungle
77.3%
DK CupBananan Ruins
77.3%
Wario CupSnow Panic
77.3%
Pac-Man CupPac-Mountain
77.3%
Pac-Man CupPac-Labyrinth
77.3%
Bowser CupCastle Wall
77.3%
Rainbow CupRainbow Coaster
77.3%
Rainbow CupRainbow Downhill
77.3%

You're not logged in!

Compare scores with friends on all Sporcle quizzes.
Sign Up with Email
OR
Log In

You Might Also Like...

Show Comments

Extras

Top Quizzes Today


Score Distribution

Your Account Isn't Verified!

In order to create a playlist on Sporcle, you need to verify the email address you used during registration. Go to your Sporcle Settings to finish the process.